US States with Map - Statistics

General Stats
  • This quiz has been taken 114 times
  • The average score is 45 of 50
Answers on the Map
Answers color-coded by a green-red scale on the quiz's map according to % correct below.
 
Answer Stats
State % Correct
Alaska
94%
Arizona
94%
California
94%
Florida
94%
Hawaii
94%
New York
94%
North Dakota
94%
Texas
94%
Washington
94%
Alabama
93%
New Mexico
93%
South Dakota
93%
Wyoming
93%
Arkansas
91%
Oregon
91%
Rhode Island
91%
Virginia
91%
Colorado
90%
Delaware
90%
Georgia
90%
Kansas
90%
Massachusetts
90%
Nevada
90%
Ohio
90%
Utah
90%
Vermont
90%
Connecticut
88%
Louisiana
88%
Montana
88%
Nebraska
88%
New Hampshire
88%
North Carolina
88%
Pennsylvania
88%
South Carolina
88%
West Virginia
88%
Wisconsin
88%
Idaho
87%
Iowa
87%
Kentucky
87%
Maine
87%
Minnesota
87%
Oklahoma
87%
Illinois
85%
Indiana
85%
Maryland
85%
New Jersey
85%
Tennessee
85%
Michigan
84%
Mississippi
84%
Missouri
82%
No matching quizzes found
Score Distribution
Percent of People with Each Score
Percentile by Number Answered
Your Score History
You have not taken this quiz